Alica a jej osem kamarátov

Bibliographic Details
Main Author: Hollá, Marta (prekladateľka) (Author)
Other Authors: Probst, Pierre 1913-2007 (Illustrator)
Format: Book
Language:Slovak
Published: Bratislava Junior [2002]
ISBN:8071466697
Edition:[1. vyd.]
Subjects:

MARC

LEADER 00000nam a2200000 a 4500
001 vtls001450572
003 SK-MaSNL
005 20260331204207.0
008 240226sm y0 xo a r slo
015 |a SNBA2003/07-02354 
020 |a 8071466697 
035 |a SNK000405865 
035 |a urn:nbn:sk:snk-am3h7hg 
035 |a 9ED364E7-B565-480E-9F5F-4F89474BB739 
035 |a urn:nbn:sk:snk-am00cn51 
040 |a SNK  |b slo  |c SNK  |e AACR2 
041 0 |a slo 
044 |a xo  |c SK 
072 7 |a 821-93  |x Literatúra pre deti a mládež  |2 konspekt 
080 |a 821.131.1-93  |2 2. slo 
080 |a 821.131.1-3(0.053.2)  |2 2. slo 
080 |a 82-93  |2 2001 
080 |a 82-32  |2 2001 
100 1 |a Probst, Pierre  |d 1913-2007  |4 ill  |9 284073 
240 1 0 |a Caroline  |l Slovensky 
245 1 |a Alica a jej osem kamarátov  |c Pierre Probst ; [text Marta Hollá] 
250 |a [1. vyd.] 
260 |a Bratislava  |b Junior  |c [2002] 
500 |a Rozlož. ilustr. tit. strana, ilustr. predsádky 
650 0 7 |a autorské rozprávky  |2 SNKPH  |9 31369 
655 7 |a publikácie pre deti  |2 SNKPH  |9 70148 
700 1 |a Hollá, Marta  |c (prekladateľka)  |4 aut  |9 8321 
919 |a 80-7146-669-7 
999 |c 643154  |d 645084 
952 |t P60, <03>, [BOOK], {603}  |a SNK  |b SNK  |y PREZ  |7 0  |p 17A0377346  |o snkSB 66498  |i snkKSP 4065/2003  |0 0  |1 0  |4 0  |d 2003-02-28  |f 1  |l 0  |r 2025-04-17 00:00:00  |w 2026-02-23 
952 |t P60, <04>, [BOOK], {604}  |a SNK  |b SNK  |y VYP  |7 0  |p 17A0377347  |o snkSB 66498 D1  |i snkKSP 4066/2003  |0 0  |1 0  |4 0  |d 2003-02-28  |l 0  |r 2005-01-02 00:00:00  |w 2026-02-23